000 00604nam a2200253Ia 4500
005 20260123164108.0
008 008 260114s9999 xx 000 0 eng d
020 _a9789389347470
037 _aEBOOK
040 _aCRL
040 _beng
040 _cCRL
041 _2eng
041 _aeng
084 _qCRL
100 _aChandra S.S., Vinod, Hareendran S., Anand
_91105849
245 0 _aMACHINE LEARNING
260 _bPHI
260 _c2024
856 _uhttps://elibrary.phindia.com/ebooks/reader/9789389347470du
942 _cEBOOK
999 _c1670972
_d1670972